000 00602cam a2200145 4500500
005 20260208010153.0
041 _afre
042 _adc
100 1 0 _aRey, Pierre-Louis
_eauthor
245 0 0 _aC. W. THOMPSON, Explorations stendhaliennes. D’Armance à la « Fraternité des arts ». Paris, Hermann, 2013. Un vol. de 484 p.
260 _c2014.
500 _a55
786 0 _nRevue d'histoire littéraire de la France | 114 | 3 | 2014-07-22 | p. 729k-749k | 0035-2411
856 4 1 _uhttps://shs.cairn.info/revue-d-histoire-litteraire-de-la-france-2014-3-page-729k?lang=fr&redirect-ssocas=7080
999 _c1655412
_d1655412